Countries that don’t border landlocked countries - Statistics

General Stats
  • This quiz has been taken 45 times
    29 since last reset
  • The average score is 42 of 56
Answer Stats
Country % Correct
Canada
100%
Mexico
100%
United States
100%
Belize
95%
Ireland
95%
United Kingdom
95%
Colombia
91%
Finland
91%
Guatemala
91%
Honduras
91%
Nicaragua
91%
Norway
91%
Panama
91%
Portugal
91%
Sweden
91%
Costa Rica
86%
Denmark
86%
El Salvador
86%
North Korea
86%
South Korea
86%
Dominican Republic
82%
Estonia
82%
Guyana
82%
Haiti
82%
Oman
82%
Venezuela
82%
Yemen
82%
Ecuador
77%
Indonesia
77%
Israel
77%
Netherlands
77%
Qatar
77%
Suriname
77%
Brunei
73%
Egypt
73%
Jordan
73%
Kuwait
73%
Malaysia
73%
Syria
73%
Morocco
68%
United Arab Emirates
68%
East Timor
64%
Lebanon
64%
Saudi-Arabia
64%
Liberia
59%
Gambia
55%
Tunisia
55%
Uruguay
55%
Bangladesh
50%
Equatorial Guinea
50%
Guinea Bissau
50%
Iraq
50%
Papua-Newguinea
50%
Sierra Leone
50%
Gabon
41%
Monaco
36%
No matching quizzes found
Score Distribution
Percent of People with Each Score
Percentile by Number Answered
Your Score History
You have not taken this quiz since the last reset